AFI's 50 Greatest Screen Legends - Statistics

General Stats
  • This quiz has been taken 1,186 times
    1,041 since last reset
  • The average score is 32 of 50
Answer Stats
# Actor/Actress % Correct
3 Audrey Hepburn
93%
1 Katharine Hepburn
93%
1 Humphrey Bogart
89%
3 James Stewart
87%
4 Marlon Brando
86%
2 Cary Grant
84%
2 Bette Davis
81%
7 Clark Gable
81%
6 Marilyn Monroe
80%
16 Vivien Leigh
78%
15 Gene Kelly
76%
13 Grace Kelly
76%
4 Ingrid Bergman
76%
10 Charlie Chaplin
73%
7 Elizabeth Taylor
72%
5 Fred Astaire
72%
12 Gregory Peck
71%
13 John Wayne
71%
6 Henry Fonda
68%
18 James Dean
68%
11 Gary Cooper
67%
10 Joan Crawford
67%
8 Judy Garland
67%
14 Laurence Olivier
67%
9 Spencer Tracy
67%
5 Greta Garbo
66%
8 James Cagney
62%
22 Sidney Poitier
61%
19 Burt Lancaster
59%
21 Buster Keaton
59%
9 Marlene Dietrich
59%
14 Ginger Rogers
57%
16 Orson Welles
57%
20 Lauren Bacall
56%
25 Ava Gardner
55%
25 William Holden
55%
17 Kirk Douglas
54%
19 Rita Hayworth
53%
11 Barbara Stanwyck
52%
21 Sophia Loren
52%
20 Marx Brothers
50%
23 Robert Mitchum
50%
18 Shirley Temple
49%
24 Edward G Robinson
47%
24 Mary Pickford
47%
15 Mae West
46%
12 Claudette Colbert
43%
17 Lillian Gish
43%
23 Carole Lombard
40%
22 Jean Harlow
39%
No matching quizzes found
Score Distribution
Percent of People with Each Score
Percentile by Number Answered
Your Score History
You have not taken this quiz since the last reset